| 000 | 004650000a22001810004500 | ||
|---|---|---|---|
| 003 | MACL | ||
| 005 | 20160130120902.0 | ||
| 008 | 160130b xxu||||| |||| 00| 0 eng d | ||
| 040 |
_aMACL _cMACL |
||
| 041 | _aEnglish | ||
| 082 | _a294/ANU | ||
| 100 |
_aSwami Anubhavananda _935821 |
||
| 245 | _aContemplation on Taittiriya Upanishad | ||
| 260 |
_bIndra Publishing House _c2010 _aBhopal |
||
| 350 | _a280 | ||
| 650 |
_aReligions _935822 |
||
| 942 |
_cBK _k294/ANU _2ddc |
||
| 999 |
_c45843 _d45843 |
||